| 000 | 01639mam a2200373 a 4500 | ||
|---|---|---|---|
| 001 | 2287545 | ||
| 003 | ARRUPE | ||
| 005 | 20150120020006.0 | ||
| 008 | 980410s1999 nyua b 001 0 eng | ||
| 010 | _a 98021176 | ||
| 020 | _a1563249480 (hardcover : alk. paper) | ||
| 020 | _a1563249499 (pbk. : alk. paper) | ||
| 035 | _a(OCoLC)ocm39013721 | ||
| 035 | _a(NNC)2287545 | ||
| 040 |
_aDLC _cDLC _dYDX _dOrLoB-B |
||
| 050 | 0 | 0 |
_aHM216 _b.G35 1999 |
| 082 | 0 | 0 |
_a303.3/72 _221 |
| 100 | 1 |
_aGaus, Gerald F. _97962 |
|
| 245 | 1 | 0 |
_aSocial philosophy / _cGerald F. Gaus. |
| 260 |
_aArmonk, N.Y. : _bM.E. Sharpe, _cc1999. |
||
| 300 |
_axiv, 245 p. : _bill. ; _c23 cm. |
||
| 490 | 1 | _aExplorations in philosophy | |
| 504 | _aIncludes bibliographical references (p. 221-234) and index. | ||
| 505 | 0 | 0 |
_gPt. I. _tThe Idea of a Public Morality. _gCh. 1. _tMoral Authoritarianism and Relativism. _gCh. 2. _tPublic Justification. _gCh. 3. _tValue-promoting Public Moralities. _gCh. 4. _tUtilitarianism as a Public Morality. _gCh. 5. _tStrong Contractualism. _gCh. 6. _tWeak Contractualism -- _gPt. II. _tA Framework for Public Morality. _gCh. 7. _tLiberty. _gCh. 8. _tThe Harm Principle. _gCh. 9. _tProperty. _gCh. 10. _tPublic Harms and Common Goods. _gCh. 11. _tTwo Quasi-Millian Principles. |
| 600 | 1 | 0 |
_aMill, John Stuart, _d1806-1873. _tOn liberty. _97963 |
| 650 | 0 |
_aSocial ethics. _97964 |
|
| 650 | 0 |
_aMoral conditions. _97965 |
|
| 650 | 0 |
_aJustification (Theory of knowledge) _97966 |
|
| 650 | 0 |
_aLiberty. _97967 |
|
| 650 | 0 |
_aSocial contract. _97968 |
|
| 830 | 0 |
_aExplorations in philosophy. _97969 |
|
| 900 | _bTOC | ||
| 942 |
_2lcc _cMONOGRAPH _01 |
||
| 999 |
_c119945 _d119945 |
||